UBT Library

ACCOUNTING & AUDITING RESEARH (Record no. 38163)

000 -LEADER
fixed length control field 00310nam a22001337a 4500
008 - FIXED-LENGTH DATA ELEMENTS--GENERAL INFORMATION
fixed length control field 171107b xxu||||| |||| 00| 0 eng d
020 ## - INTERNATIONAL STANDARD BOOK NUMBER
International Standard Book Number 9780470506974
041 ## - LANGUAGE CODE
Language code of text/sound track or separate title eng
080 ## - UNIVERSAL DECIMAL CLASSIFICATION NUMBER
Edition identifier 7TH
Universal Decimal Classification number 721.053
100 ## - Rafti
Rafti 62
101 ## - Shkurtesa
Shkurtesa AUD
245 ## - TITLE STATEMENT
Title ACCOUNTING & AUDITING RESEARH
Statement of responsibility, etc WEIRICH,TH.R
942 ## - ADDED ENTRY ELEMENTS (KOHA)
Source of classification or shelving scheme
Item type Books
Holdings
Withdrawn status Lost status Source of classification or shelving scheme Damaged status Not for loan Collection code Permanent location Current location Shelving location Date acquired Total Checkouts Full call number Barcode Date last seen Price effective from Koha item type
          Koleksioni i përgjithshem UBT - Lipjan UBT - Lipjan Koleksioni i përgjithshem 11/07/2017   721.053 WEI 002-2937507 11/07/2017 11/07/2017 Books
UBT Library © 2015-2024. All rights reserved University Education for Business and Technology